Pages de début (notice n° 1648509)

détails MARC
000 -LEADER
fixed length control field 01708cam a2200205 4500500
005 - DATE AND TIME OF LATEST TRANSACTION
control field 20260208003657.0
041 ## - LANGUAGE CODE
Language code of text/sound track or separate title fre
042 ## - AUTHENTICATION CODE
Authentication code dc
100 10 - MAIN ENTRY--PERSONAL NAME
Personal name Ithurbide, Christine
Relator term author
245 00 - TITLE STATEMENT
Title Pages de début
260 ## - PUBLICATION, DISTRIBUTION, ETC.
Date of publication, distribution, etc. 2026.<br/>
500 ## - GENERAL NOTE
General note 85
520 ## - SUMMARY, ETC.
Summary, etc. Dans un contexte de globalisation, les plateformes numériques américaines tentent de se faire une place sur le marché indien en pleine croissance. À partir du cas des industries de la culture, cet entretien revient sur leurs différentes stratégies d’adaptation et d’investissement sur le plan industriel, économique et technologique. Il est également question des rapports d’influence, de pouvoir et d’hégémonie que suscitent ces plateformes dans l’industrie cinématographique et, plus largement, des transformations de l’économie indienne auxquelles les acteurs du numérique concourent.
520 ## - SUMMARY, ETC.
Summary, etc. In a globalization context, American digital platforms attempt to impose themselves on the fast-growing Indian market. From the case of the cultural industries, this interview examines their different adaptation and investment strategies in industrial, economic and technological terms. It also focuses on the influence, the relation of power and the hegemony that these platforms have on the film industry and, more broadly, on transformations introduced by digital players in the Indian economy.
700 10 - ADDED ENTRY--PERSONAL NAME
Personal name Bouquillion, Philippe
Relator term author
700 10 - ADDED ENTRY--PERSONAL NAME
Personal name Kniaz, Alix
Relator term author
700 10 - ADDED ENTRY--PERSONAL NAME
Personal name Niedbalec, Arnaud
Relator term author
786 0# - DATA SOURCE ENTRY
Note Revue économique | 76 | 4 | 2026-01-16 | p. 493-495 | 0035-2764
856 41 - ELECTRONIC LOCATION AND ACCESS
Uniform Resource Identifier <a href="https://shs.cairn.info/revue-revue-economique-2025-4-page-493?lang=fr&redirect-ssocas=7080">https://shs.cairn.info/revue-revue-economique-2025-4-page-493?lang=fr&redirect-ssocas=7080</a>

Pas d'exemplaire disponible.

PLUDOC

PLUDOC est la plateforme unique et centralisée de gestion des bibliothèques physiques et numériques de Guinée administré par le CEDUST. Elle est la plus grande base de données de ressources documentaires pour les Étudiants, Enseignants chercheurs et Chercheurs de Guinée.

Adresse

627 919 101/664 919 101

25 boulevard du commerce
Kaloum, Conakry, Guinée

Réseaux sociaux

Powered by Netsen Group @ 2025